000 00650nam a2200253Ia 4500
001 4841
005 20240113233802.0
007 ta
008 050615s1970 g b000 u hin u
020 _cHB
040 _aCotton College Assam
041 _ahin
082 _a891.432
_bV 59 R
100 _aVerma, Bhagavati Charan .
245 0 _aRupaiya Tumhe Khaa Gayaa /
_cBhagavati Charan Verma.
_hTextual Documents
250 _a2nd ed. /
260 _aDelhi :
_bRajkamal prakashan ,
_c1970.
300 _a77p. ;
_c18cm.
653 _aHindi drama
653 _aGen-Hindi
942 _2ddc
_cBK
999 _c4828
_d4828